Análisis de la organización funcional de la sección información de la dirección de distribución, ICE
Gorde:
| Egile nagusia: | |
|---|---|
| Formatua: | Liburua |
| Argitaratua: |
San José, Costa Rica
1987
|
| Gaiak: | |
| Etiketak: |
Etiketa erantsi
Etiketarik gabe, Izan zaitez lehena erregistro honi etiketa jartzen!
|
MARC
| LEADER | 00000nam a2200000Ia 4500 | ||
|---|---|---|---|
| 003 | 007226 | ||
| 005 | 20221231144310.0 | ||
| 008 | 140114s1987 cr a m 000 ||s d | ||
| 040 | |c cru CEDI | ||
| 090 | |a TFG 2968 | ||
| 100 | |a Del Valle Granados, Juan José |9 11715 | ||
| 245 | |a Análisis de la organización funcional de la sección información de la dirección de distribución, ICE | ||
| 260 | |c 1987 |a San José, Costa Rica | ||
| 300 | |a xix, [170] hojas : ilustraciones ; 28 cm | ||
| 500 | |a Proyecto de graduacion (licenciatura en ingenieria industrial)--Universidad de Costa Rica. Facultad de Ingeniería. Escuela de Ingenieria Industrial | ||
| 650 | |z INSTITUTO COSTARRICENSE DE ELECTRICIDAD.. DIRECCION DE DISTRIBUCION. SECCION DE INFORMACION |9 11722 | ||
| 942 | |c TFG | ||
| 999 | |c 19770 |d 19770 | ||
